| 000 | 01552nam a2200337 c 4500 | ||
|---|---|---|---|
| 003 | BLK | ||
| 005 | 20231117145059.0 | ||
| 008 | 180412b bul|||||r ||||||| ||bul|| | ||
| 010 | _aKNG00010725000 | ||
| 020 |
_a954-799-572-3 _bиздат.: Варненски свободен унив. Черноризец Храбър - (грешен) |
||
| 040 | _aBLK | ||
| 041 |
_aBUL _cBUL |
||
| 080 |
_aСоциално поведение. Социална психология _b316.6 _x(075.8) _z316.6(075.8) |
||
| 100 | 1 |
_aТодорова, Елка Николаева _eпърви автор _9364274 |
|
| 139 |
_aТодорова, Елка Николаева _bТ 64 |
||
| 245 | 1 | 0 |
_aСоциална психология _bУчебник за студенти от ВУЗ _cЕлка Николаева Тодорова. |
| 257 | _aBGR | ||
| 260 |
_аВарна _bВарненски свободен унив. Черноризец Храбър _c1995 |
||
| 300 |
_a361 с. _bсъс сх., диагр. _c24 см |
||
| 380 | _a3 | ||
| 500 | _aВ кн. означено 2. доп. изд. - Библиогр. с. 349-355 ; Предм. показалец. | ||
| 650 | 4 |
_aСоциална психология - учебници за ВУЗ _9250709 |
|
| 653 | _aсоциална психология | ||
| 653 | _aучебници за ВУЗ | ||
| 852 | _aЦб 185468 | ||
| 856 | 4 |
_qpdf _u |
|
| 856 | 4 |
_qpdf _u |
|
| 942 |
_cKNG _n0 _04 |
||
| 944 |
_aCR _c15.01.2003 _k30535 _lХристина Везирева |
||
| 944 |
_aED _c08.10.2015 _kМилена_Ачева |
||
| 999 |
_c9313 _d9313 |
||